000 00458nam a22001817a 4500
003 OSt
005 20240626123531.0
008 240626b |||||||| |||| 00| 0 eng d
020 _a9780852973516
040 _cMUST
082 _a332.1 AMI 1994
100 _aAmin, Vaumini
_918065
245 _aBankers' Securities
_bA practical and Legal Guide
_cVaumini Amin
300 _axxii, 201p.
_c22cm
504 _aindex
650 _2Banking
942 _2ddc
_cO_SHELF
999 _c8925
_d8925